Človek a ekonómia Odborno-metodický materiál k vyučovaniu občianskej náuky

Na minha lista:
Detalhes bibliográficos
Autor principal: Šlosár, Rudolf
Formato: Livro
Idioma:eslovaco
Publicado em: Bratislava Krajský pedagogický ústav 1991
Edição:1. vyd.
Assuntos:
Tags: Adicionar Tag
Sem tags, seja o primeiro a adicionar uma tag!

MARC

LEADER 00000nam a2200000 4500
001 c003828
005 20221214093339.1
020 |a 80-85185-38-5 
041 0 |a slo 
044 |a SK 
245 1 0 |a Človek a ekonómia  |b Odborno-metodický materiál k vyučovaniu občianskej náuky  |c Rudolf Šlosár 
250 |a 1. vyd. 
264 1 |a Bratislava  |b Krajský pedagogický ústav  |c 1991 
300 |a 65 s. 
610 2 0 |a ekonómia 
610 2 0 |a myslenie ekonomické 
610 2 0 |a faktory výrobné 
610 2 0 |a hospodárstvo trhové 
610 2 0 |a mechanizmus trhový 
610 2 0 |a rozpočet štátny 
610 2 0 |a peniaze 
610 2 0 |a dopyt 
610 2 0 |a ponuka 
610 2 0 |a rovnováha trhová 
100 1 |a Šlosár, Rudolf